| 000 | 00408pab a2200157 454500 | ||
|---|---|---|---|
| 008 | 180718b1988 xxu||||| |||| 00| 0 eng d | ||
| 100 | _aNarasinhulu, K. | ||
| 245 | _aRole of irrigation in agriculture in Andhra Pradesh | ||
| 260 | _c1988 | ||
| 300 | _a16-21 | ||
| 362 | _a16 Sept. | ||
| 650 | _aIrrigation - India - Andhra Pradesh | ||
| 700 | _aA. Rama Mohan Reddy | ||
| 773 | _aYojana | ||
| 909 | _a11417 | ||
| 999 |
_c11417 _d11417 |
||